00929nam a2200265 a 450000100100000000300100001000500170002000800410003702000180007804000220009608200200011810000300013824500840016826000380025230000210029065000240031165000260033570000390036191000370040094200120043794500360044995201250048595600380061099900150064800004416100004416120210305090703.0140603s2011 dr 000 j spa d a9789945429169 aBPMSUbspacBPMSU 4aRD863.44bB742c1 aBosch, Juand1909-20019110aCuentos más que completos /cJuan Bosch ; prólogo Sergio Ramírez Mercado. aSanto Domingo :bAfaguara,c2011. a580 p. ;c25 cm. 4aCUENTOS DOMINICANOS 4aLITERATURA DOMINICANA12aRamírez Mercado, Sergioepról. aValidado. Control de calidad MFF 2ddccBK aRemanejado para BNPHU / 2017 VM 00102ddc40708CDaBPMETbBPMETd2014-07-14l3oRD863.44 B742cpBPMSU15040524r2019-03-28s2019-03-28w2014-07-14yBK aVMATEOb10c20150923lBPMSUh0069 c7129d7129